=LDR 00000nam 2200000 4500 =001 INLIS000000000050065 =005 20200225020509 =035 ##$$a 0010-041700000000255 =008 200225################g##########0#ind## =020 ##$$a 978-979-3417-58-5 =040 ##$$a NBPDMAT =082 ##$$a 155.2 =090 ##$$a 155.2 $b Boe p =100 ##$$a Boeree, George C. =245 1#$$a Personality theories : $b Melacak kepribadian anda bersama psikolog dunia /$c George C.Boeree =250 ##$$a cet. 5 =260 ##$$a Yogyakarta :$b Prismasophie,$c 2016 =300 ##$$a 426 hlm. ; $c 21 x 12 cm. =650 #4$$a Psikologi =850 ##$$a NBPDMAT =084 ##$$a 155.2 BOE p =990 ##$$a 31700031 =990 ##$$a 31700032 =990 ##$$a 31700031 =990 ##$$a 31700032 =990 ##$$a 31700031 =990 ##$$a 31700032 =990 ##$$a 31700032 =990 ##$$a 31700031